000 00910nam a22002537a 4500
003 0
005 20251105131732.0
008 251105b xxu||||| |||| 00| 0 eng d
020 _a978-1-84749-858-8
050 _aPR 6029.R8
_b.Or79 2023
100 _aOrwell, George,
_d1903–1950,
_eauthor.
245 _aAnimal farm :
_ba fairy story /
_cGeorge Orwell.
250 _aAlma Classics edition.
260 _aRichmond, United Kingdom :
_bAlma Classics,
_c2023.
300 _a121 pages ;
_c20 cm.
500 _aOriginally published in 1945.
520 _aA satirical allegory set on a farm where animals overthrow their human owner, only to see their own society corrupted by tyranny and inequality.
546 _aIn English.
650 _aTotalitarianism
_vFiction.
650 _aPolitical satire, English.
650 _aDomestic animals
_vFiction.
650 _aFarm life
_vFiction.
942 _2lcc
_cBK
999 _c368469
_d368469